Responses for show #5165 - Friday, February 9, 2007

2007 Teen Tournament quarterfinal game 5.

Contestants

[<< previous game]

David Walter, a senior from Wilmington, Delaware

Caroline Jones, a senior from Silver Spring, Maryland

Heidi Fogle, a senior from Overland Park, Kansas

[next game >>]

Jeopardy! Round responses

A COUNTRY OF AFRICA
TOP OF THE CHARTS
RODENT, MARSUPIAL OR REPTILE
HISTORICAL TEXT MESSAGES
(Alex: ...you have to identify the sender.)
CARD GAMES
(Alex: And finally, logically enough...)
THE "LAST" CATEGORY
    $200 21
Cameroon

Heidi
    $200 7
"Bad Day"

Heidi
    $200 12
marsupial

Heidi
    $200 1
[Alex reads as: "Dad dead in regicide! I'm 20 & Macedonia king?! Oh my God!"]

Alexander the Great

David
    $200 6
Solitaire

Caroline
    $200 26
last-ditch

David
    $400 22
Sudan

Heidi
    $400 8
"Hollaback Girl"

Caroline
    $400 13
rodent

David
    $400 2
[Alex reads as: "Built my first working gas engine. Model-T will be cool! Talk to you later."]

(Henry) Ford

David
    $400 17
hearts

David
    $400 27
last straw

David
    $600 23
Morocco

David
    $600 9
Ludacris

David
    $600 14
reptile

David
    $600 3
[Alex reads as: "Edwards & I lost to W?! Back to Senate for me. By the way, I love Heinz (ketchup, too)."]

(John) Kerry

David
    $600 18
Uno

David
    $600 28
last rites

David
    $800 24
Ethiopia

David
    $800 10
(Ruben) Studdard

David
    $800 15
rodent

David
    $700 4
[Alex reads as: "81 years old and Pennsylvania sends me to the Constitutional Convention. I'm getting too old for this... stuff. Laughing out loud."]

Benjamin Franklin

David
    $800 19
bridge

Heidi
    $800 29
Last of the Mohicans

Caroline
    $1000 25
South Africa

David
    $1000 11
(Caroline: Who is Chantal Kreviazuk?)

Norah Jones

Caroline
Triple Stumper
    $1000 16
(Heidi: What is rodent?)
...
(Alex: Like an alligator or crocodile.)

reptile

HeidiCaroline
    $1000 5
[Alex reads as: "Party tonight! Founded Peru's capital!!! See you at 8!"]

Pizarro

Heidi
    $1000 20
rummy

Heidi
    $1000 30
The Last Samurai

David

Scores at the first commercial break (after clue 16):

Heidi Caroline David
$400 $600 $5,100

Scores at the end of the Jeopardy! Round:

Heidi Caroline David
$2,800 $1,400 $10,700

Double Jeopardy! Round responses

STATES OF THE UNION
MOVIES
THE GOOD EARTH
SHAKESPEARE
THE AFRICAN-AMERICAN EXPERIENCE
BEFORE & AFTER
    $400 16
(Caroline: What is Illinois?)
(Heidi: What is Michigan?)
...
(Alex: Du Buque, [*]. [*].)

Iowa

HeidiCaroline
Triple Stumper
    $400 1
Eragon

Heidi
    $400 11
10%

David
    $400 21
Hamlet

Heidi
    $400 6
New Orleans

David
    $400 26
(Alex: They call him that in real life, too.)

Big Ben Affleck

Heidi
    $800 17
South Carolina

Caroline
    $800 2
Martin Short

David
    $800 12
ridges

Heidi
    $800 22
Othello

Caroline
    $800 7
(Booker T.) Washington

David
    $800 27
St. Nick Lachey

David
    $1200 18
Colorado

Heidi
    $1200 3
Unaccompanied Minors

Heidi
    $1200 13
Krakatoa

David
    $1200 23
The Merchant of Venice

David
    $1200 8
Mississippi

Caroline
    $1200 28
Vanna White flag

David
    $3,300 19
Alaska

Heidi
    $1600 4
Night at the Museum

Heidi
    $3,000 14
(David: What is Greenwich Mean?)
[David nods at apparently having been ruled correct, though we do not hear Alex say so.]
(Alex: David, you're on the right track. You said "[*]". If you had left it at that you'd have been fine, but you added "mean", which is usually a reference to time at the Prime Meridian, so we're gonna have to rule against you on that one.)
[At the taping, Alex initially ruled David correct, but taping was stopped, the ruling was reversed, and Alex's acceptance of David's response was edited out.]

Greenwich (Meridian)

David
    $1600 24
Verona

David
    $1600 9
indentured servants

David
    $1600 29
CSI Love Lucy

David
    $2000 20
(David: What is Florida?)

Texas

CarolineDavid
    $2000 5
The Pursuit of Happyness

David
    $2000 15
the Mesozoic

Heidi
    $2000 25
(Alex: And that is the Scottish play, [*].)

Macbeth

Triple Stumper
    $2000 10
Selma

Heidi
    $2000 30
Jack Blackmail

Heidi

Scores at the end of the Double Jeopardy! Round:

Heidi Caroline David
$17,700 $5,800 $19,300

Final Jeopardy! Round responses

TOURISM
(Alex: I hope none of you said "Disneyland", even though it's a great destination.)
...
(Alex: [To Caroline] What are London & Paris? Those are not countries--those are cities, and so you're incorrect.)
...
(Alex: [To Heidi] What are [*]? Our nearest neighbors, easy to get to, you're absolutely right. Most popular destinations.)
...
(Alex: [To Heidi] Come on over here. Congratulations, young lady.)
(Heidi: Thank you.)
(Alex: And now let us meet the other semifinalists. First of all, the winners of the previous quarterfinal games this week. Here they are.)
(Hank: Hank Robinson, Lithia Springs, Georgia.)
(Stephen: Stephen Fritz, Lexington, Kentucky.)
(Caroline: Caroline Bartman, Washington, D.C.)
(Naomi: Naomi Hinchen, Brooklyn, New York.)
(Alex: And now the high scorers among non-winners.)
(Ben: Ben Schenkel, Allentown, Pennsylvania.)
(Myles: Myles Jeffrey, Seal Beach, California.)
(Frank: Frank Firke, Chicago, Illinois.)
(Alex: And one more, and that would be David Walter, right here, with $20,305. Come on over, David. Let's make room for him.)
CarolineWhat are London + Paris
$5,800
HeidiWhat are Canada + Mexico?
$4,000
DavidWhat are Mexico + Canada
$1,005
Canada & Mexico

Final scores:

Heidi Caroline David
$21,700 $0 $20,305
Automatic semifinalist 3rd place: $5,000 if eliminated 2nd place: $5,000 if eliminated

Game dynamics:

Coryat scores:

Heidi Caroline David
$16,000 $5,800 $22,400
18 R
(including 1 DD),
2 W
8 R,
2 W
30 R
(including 1 DD),
2 W
(including 1 DD)

Combined Coryat: $44,200

The J! Archive is created by fans, for fans. The Jeopardy! game show and all elements thereof, including but not limited to copyright and trademark thereto, are the property of Jeopardy Productions, Inc. and are protected under law. This website is not affiliated with, sponsored by, or operated by Jeopardy Productions, Inc. Join the discussion at JBoard.tv.